000 00634nam a2200241Ia 4500
003 OSt
005 20220918174300.0
006 a|||||r|||| 00| 0
007 ta
008 220917b |||||||| |||| 00| 0 eng d
024 _a11,402
037 _cTextual
040 _aARTS
_cARTS
_beng
041 _2eng
_aeng
082 _a/\:864, L1
100 _aKeane Jeary L.
_949825
245 0 _aPractical astronlogy
_b How to make it work for you
260 _aDelhi
_bVikas
_c1967
300 _axii,240p
_ccm.
650 _aSPIRITUALISM
942 _h/\:864, L1
_cTEXL
_2CC
999 _c152512
_d152512